| 000 -LEADER |
| fixed length control field |
nam a22 7a 4500 |
| 005 - DATE AND TIME OF LATEST TRANSACTION |
| control field |
20190129021613.0 |
| 008 - FIXED-LENGTH DATA ELEMENTS--GENERAL INFORMATION |
| fixed length control field |
190129b xxu||||| |||| 00| 0 eng d |
| 020 ## - IDENTIFIER FOR THE MANIFESTATION |
| Identifier for the Manifestation |
9789812744517 |
| Binding |
paperback |
| 040 ## - CATALOGING SOURCE |
| Language of Cataloging |
eng |
| Transcribing Agency |
APEC Schools Library |
| Description Conventions |
rda |
| 082 ## - DEWEY DECIMAL CLASSIFICATION NUMBER |
| Classification number |
C 515 |
| Author's Number |
Y94z 2009 |
| 100 ## - CREATOR |
| Preferred Name of the Person |
Yu, Cheng Chung |
| 245 ## - TITLE AND STATEMENT OF RESPONSIBILITY |
| Preferred Title Proper |
0 level essential study guide additional mathematics (calculus) / |
| Statement of Responsibility/Parallel Statement of Responsibility |
Cheng Chung Yu |
| 250 ## - EDITION STATEMENT |
| Designation of Edition/Designation of a Named Revision of an Edition |
First edition. |
| 264 ## - PUBLICATION STATEMENT |
| Place of publication, distribution, etc |
Singapore : |
| Publisher's Name/Parallel Publisher's Name |
Singapore Asian Publication, |
| Copyright |
©2009. |
| Date of Publication |
2009. |
| 300 ## - PHYSICAL DESCRIPTION |
| Extent |
iii, 155 pages ; |
| Dimensions |
24 cm. |
| 336 ## - RDA CONTENT |
| Source |
rdacontent |
| Content Type |
text |
| 337 ## - RDA MEDIA |
| Source |
rdamedia |
| Media Type |
unmediated |
| 338 ## - RDA CARRIER |
| Source |
rdacarrier |
| Carrier Type |
volume |
| 650 ## - ADDED SUBJECT ACCESS POINT - TOPICAL TERM |
| Topical Term |
Calculus. |
| 942 ## - ADDED ENTRY ELEMENTS (KOHA) |
| Source of Classification |
|
| Koha Item Type |
Books |